000
00255nam a2200109Ia 4500
008
220120s9999||||xx |||||||||||||| ||und||
082
_a
005.73 MAH
100
_a
Mahesh, S.M
245
0
_a
Data structures with C
260
_b
Bangalore
300
_a
343p.
_b
0
999
_c
136364
_d
136364